00320nam a2200121Ia 450000500170000000800410001708200130005810000170007124500270008826000370011530000170015265000290016920250323152428.0240331s9999 xx 000 0 und d bPONa894 aPonnaiyan, T 0aNaam enn eluthukintrom aColombobMeera pathippagamc2004 avi. 118 p ., aKalai Illakkiya Kadoorai